| 000 | 00964pam a2200277 a 4500 | ||
|---|---|---|---|
| 001 | 3944462 | ||
| 003 | NUST - PNEC | ||
| 005 | 20170116181132.0 | ||
| 008 | 931217s1994 nyua b 001 0 eng | ||
| 010 | _a 93046490 | ||
| 020 |
_a0070596263 : _c$70.00 |
||
| 040 |
_aDLC _cLIBRARY _dDLC |
||
| 050 | 0 | 0 |
_aTS158.6 _b.S55 1994 |
| 082 | 0 | 0 |
_a670.427 SOL _220 |
| 100 | 1 | _aSoloman, Sabrie. | |
| 245 | 1 | 0 |
_aSensors and control systems in manufacturing / _cSabrie Soloman. |
| 260 |
_aNew York : _bMcGraw Hill, _cc1994. |
||
| 300 |
_axix, 469 p. : _bill.; _c24 cm. |
||
| 504 | _aIncludes bibliographical references and index. | ||
| 650 | 0 | _aAutomatic data collection systems. | |
| 650 | 0 |
_aProcess control _xGeneral book |
|
| 650 | 0 | _aDetectors. | |
| 906 |
_a7 _bcbc _corignew _d1 _eocip _f19 _gy-gencatlg |
||
| 942 |
_2ddc _cBK |
||
| 999 |
_c70014 _d70014 |
||